|
|
|
|
| LEADER |
00000cam a2200000 a 4500 |
| 001 |
vtls008352382 |
| 003 |
SK-MaSNL |
| 005 |
20260301094013.0 |
| 008 |
190102s1974 xo a p 000 0 slo |
| 015 |
|
|
|a SNBA1974/07-01975
|
| 035 |
|
|
|a SK01SNK19740044599
|
| 035 |
|
|
|a SKM000047062
|
| 040 |
|
|
|a SNK
|b slo
|c SNK
|e AACR2
|
| 041 |
1 |
|
|a slo
|
| 044 |
|
|
|a xo
|c SK
|
| 080 |
|
|
|a 372.880.854(075.2)(076.5)
|2 1981
|
| 080 |
|
|
|a 372.41/.46(075.2)(076.5)
|2 1981
|
| 100 |
1 |
|
|a Bernáthová, Margita
|4 aut
|9 42862
|
| 245 |
1 |
0 |
|a Zbierka cvičení a úloh zo slovenského jazyka pre 3.-5. ročník základnej deväťročnej školy
|c Margita Bernáthová, Teodor Macura, Gejza Horák
|
| 250 |
|
|
|a 4. vyd.
|
| 260 |
|
|
|a Bratislava
|b Slovenské pedagogické nakladateľstvo
|c 1974
|e Košice
|f Východoslovenské tlačiarne
|
| 300 |
|
|
|a 91 voľných listov v prebale
|c 8°
|
| 650 |
0 |
7 |
|a slovenčina
|2 SNKPH
|9 1350
|
| 655 |
|
7 |
|a učebnice základných škôl
|2 SNKPH
|9 70187
|
| 655 |
|
7 |
|a zbierky úloh
|2 SNKPH
|9 70562
|
| 700 |
1 |
|
|a Macura, Teodor
|4 aut
|9 385346
|
| 700 |
1 |
|
|a Horák, Gejza,
|d 1919-2003
|4 aut
|9 104508
|
| 700 |
1 |
|
|a Bartík, Pavol
|4 ill
|9 278614
|
| 852 |
|
|
|a Slovenská národná knižnica
|
| 958 |
|
|
|a RK
|
| 958 |
|
|
|a TL
|
| 958 |
|
|
|a UX
|
| 999 |
|
|
|c 678908
|d 680838
|
| 952 |
|
|
|a SNK
|b SNK
|y PREZ
|7 0
|p 17A1151222
|o snkSD 44065
|i snkKSP 5049/74
|8 0
|0 0
|1 0
|4 0
|d 1997-03-19
|f 1
|l 0
|r 2005-01-02 00:00:00
|w 2026-02-23
|
| 952 |
|
|
|a SNK
|b SNK
|y VYP
|7 0
|p 17A1316656
|o snkSD 44065 D1
|i snkKSP 5050/74
|8 0
|0 0
|1 0
|4 0
|d 1997-03-19
|l 0
|r 2005-01-02 00:00:00
|w 2026-02-23
|